[Event "37 Open Donostia"]
[Site "?"]
[Date "2014.04.16"]
[Round "7.15"]
[White "Silva, Rodriguez Julio"]
[Black "Ribera Cebolla, Marc"]
[Result "1-0"]
[WhiteElo "2201"]
[BlackElo "2045"]
[PlyCount "77"]
[EventDate "2014.??.??"]

1. e4 c5 2. Nf3 Nc6 3. d4 cxd4 4. Nxd4 Nf6 5. Nc3 d6 6. Be2 e6 7. O-O Be7 8.
Be3 a6 9. Kh1 Nxd4 10. Qxd4 O-O 11. f4 Qc7 12. Rad1 e5 13. Qd2 b5 14. a3 Be6
15. f5 Bd7 16. Bg5 Bc6 17. Bxf6 Bxf6 18. Qxd6 Qxd6 19. Rxd6 Rac8 20. g3 Be7 21.
Rdd1 Bg5 22. Bd3 Rfd8 23. Kg2 a5 24. Kf3 b4 25. axb4 axb4 26. Ne2 Ba4 27. b3
Bc6 28. Bc4 h5 29. Rxd8+ Rxd8 30. Ra1 Ra8 31. Rxa8+ Bxa8 32. Bd5 Bxd5 33. exd5
Kf8 34. Ke4 f6 35. d6 Ke8 36. Kd5 Kd7 37. c4 bxc3 38. Nxc3 h4 39. Ne4 1-0

[Event "37 Open Donostia"]
[Site "?"]
[Date "2014.04.16"]
[Round "7.16"]
[White "Bernard, Jacques"]
[Black "Gonzalez Pereira, Asier"]
[Result "1/2-1/2"]
[WhiteElo "2194"]
[BlackElo "2035"]
[PlyCount "49"]
[EventDate "2014.??.??"]

1. e4 c5 2. Nf3 e6 3. d4 cxd4 4. Nxd4 Nc6 5. Nc3 Qc7 6. f4 Nxd4 7. Qxd4 b6 8.
Nb5 Qc6 9. Qc4 Bc5 10. Bd3 Bb7 11. Nd4 Bxd4 12. Qxd4 Nf6 13. Bd2 O-O 14. e5 Ne4
15. O-O-O Nc5 16. Rhg1 Rac8 17. Kb1 Nxd3 18. Qxd3 a5 19. Bc3 Rfd8 20. f5 Qe4
21. f6 Qxd3 22. Rxd3 g6 23. h4 h6 24. g3 Bd5 25. a4 1/2-1/2

[Event "37 Open Donostia"]
[Site "?"]
[Date "2014.04.17"]
[Round "8.1"]
[White "Spraggett, Kevin"]
[Black "Vazquez Igarza, Renier"]
[Result "1/2-1/2"]
[WhiteElo "2561"]
[BlackElo "2591"]
[PlyCount "62"]
[EventDate "2014.??.??"]

1. d4 Nf6 2. c4 e6 3. Nf3 b6 4. a3 Ba6 5. Qc2 c5 6. d5 exd5 7. cxd5 g6 8. Nc3
Bg7 9. g3 O-O 10. Bg2 Re8 11. O-O d6 12. Re1 Nbd7 13. Bf4 Bf8 14. h3 b5 15. e4
Nh5 16. Be3 Nhf6 17. Nd2 Bg7 18. Bf1 c4 19. f4 Qc7 20. Bf2 Nc5 21. Nf3 Nd3 22.
Bxd3 cxd3 23. Qd2 Qc4 24. Rac1 b4 25. axb4 Qxb4 26. Ra1 Bc8 27. Ra4 Qb7 28. g4
h5 29. g5 Nd7 30. Qxd3 Nc5 31. Bxc5 dxc5 1/2-1/2

[Event "37 Open Donostia"]
[Site "?"]
[Date "2014.04.17"]
[Round "8.2"]
[White "Alsina Leal, Daniel"]
[Black "Cifuentes Parada, Roberto"]
[Result "1-0"]
[WhiteElo "2546"]
[BlackElo "2458"]
[PlyCount "119"]
[EventDate "2014.??.??"]

1. e4 d6 2. d4 Nf6 3. Nc3 Nbd7 4. Nf3 e5 5. Bc4 Be7 6. a4 O-O 7. O-O c6 8. a5
Qc7 9. Qe2 h6 10. d5 a6 11. Nh4 Nc5 12. Nf5 Bxf5 13. exf5 Rfe8 14. Be3 Rac8 15.
Rfd1 Ncd7 16. Rd2 c5 17. Qf3 e4 18. Qg3 Kh8 19. Be2 Bf8 20. b3 Ne5 21. Ra4 c4
22. bxc4 Ned7 23. Bd4 Nc5 24. Ra1 e3 25. Rdd1 Nce4 26. Nxe4 Nxe4 27. Qxe3 Ng3
28. Qxg3 Rxe2 29. Qd3 Qxc4 30. Qxc4 Rxc4 31. c3 Be7 32. Kf1 Rb2 33. Rdb1 Rxb1+
34. Rxb1 Rc7 35. Ke2 Bf6 36. Bxf6 gxf6 37. Kd3 Kg7 38. Rb6 Rd7 39. c4 Kf8 40.
g4 Ke7 41. h4 Kd8 42. f4 Kc7 43. Rb2 Rd8 44. Re2 Kd7 45. g5 hxg5 46. fxg5 fxg5
47. hxg5 Rg8 48. Rg2 Ke7 49. g6 Kf6 50. gxf7 Rf8 51. Rg6+ Kxf5 52. Rxd6 Rxf7
53. Kd4 Rh7 54. Rb6 Rh4+ 55. Kc5 Rh7 56. Re6 Rc7+ 57. Kd4 Rh7 58. Re1 Rh2 59.
d6 Kf6 60. Kc5 1-0

[Event "37 Open Donostia"]
[Site "?"]
[Date "2014.04.17"]
[Round "8.3"]
[White "Narciso Dublan, Marc"]
[Black "Argandona Riveiro, Inigo"]
[Result "1-0"]
[WhiteElo "2527"]
[BlackElo "2414"]
[PlyCount "83"]
[EventDate "2014.??.??"]

1. d4 d6 2. e4 Nf6 3. f3 e5 4. d5 Be7 5. c4 O-O 6. Nc3 Nh5 7. Be3 Bg5 8. Bf2 g6
9. g4 Nf4 10. h4 Bh6 11. Nge2 Nxe2 12. Bxe2 Nd7 13. g5 Bg7 14. Qd2 f6 15. O-O-O
fxg5 16. hxg5 Rf7 17. Be3 Bf8 18. Rdg1 Be7 19. Nd1 Qf8 20. Nf2 Nc5 21. b4 Na4
22. Nd3 a5 23. b5 b6 24. Rh6 Nc5 25. Rgh1 Nxd3+ 26. Bxd3 Qg7 27. Qh2 Bd7 28.
Kc2 Raf8 29. Bd2 Bd8 30. f4 Bxg5 31. fxg5 Bg4 32. Be2 Bxe2 33. Qxe2 Rf3 34.
Rxh7 Qxh7 35. Rxh7 Kxh7 36. Qh2+ Kg8 37. Qh6 R8f7 38. Qxg6+ Kf8 39. Qh6+ Kg8
40. g6 Rg7 41. Qg5 Rf8 42. Kd3 1-0

[Event "37 Open Donostia"]
[Site "?"]
[Date "2014.04.17"]
[Round "8.4"]
[White "Akesson, Ralf"]
[Black "Moreno Ruiz, Javier"]
[Result "1/2-1/2"]
[WhiteElo "2444"]
[BlackElo "2477"]
[PlyCount "153"]
[EventDate "2014.??.??"]

1. d4 Nf6 2. c4 e6 3. Nf3 Bb4+ 4. Nbd2 b6 5. a3 Bxd2+ 6. Qxd2 Bb7 7. e3 O-O 8.
Bd3 a5 9. b3 d6 10. O-O Nbd7 11. Bb2 Qe7 12. Qc2 h6 13. e4 e5 14. Rfe1 Rfe8 15.
Rad1 Rad8 16. b4 axb4 17. axb4 exd4 18. Nxd4 Ne5 19. Bf1 Nh5 20. Bc1 Qf6 21.
Nb5 c6 22. Nc3 Nf4 23. Bxf4 Qxf4 24. Qd2 Qg4 25. Qe2 Qg6 26. f4 Nd7 27. Rd3 Nf6
28. Rg3 Qh5 29. Qd3 Qh4 30. Qf3 Bc8 31. Be2 h5 32. Rf1 Bg4 33. Qd3 Rd7 34. Bf3
Re6 35. b5 cxb5 36. cxb5 Rde7 37. Qd4 Bxf3 38. Rfxf3 Ng4 39. h3 Nf6 40. Nd5 Re8
41. Rg5 Kf8 42. Nc7 Rxe4 43. Qxd6+ R8e7 44. Kh2 Qe1 45. Qd8+ Ne8 46. Rxh5 Kg8
47. Nxe8 Rxe8 48. Qxb6 Qa1 49. Qc6 Re1 50. Rf1 Qd4 51. Qf3 R1e3 52. Qd5 Qxd5
53. Rxd5 Rb3 54. Rfd1 Re2 55. Rg5 Reb2 56. Rd8+ Kh7 57. Rdd5 Rb4 58. f5 Kh6 59.
Rg4 Rxb5 60. Rd6+ f6 61. Rg6+ Kh7 62. Rd7 Rxf5 63. Rgxg7+ Kh8 64. Rh7+ Kg8 65.
Rhg7+ Kh8 66. Rge7 Rg5 67. Re8+ Rg8 68. Rxg8+ Kxg8 69. h4 Rb3 70. g3 Ra3 71.
Kh3 Ra4 72. h5 Rb4 73. h6 f5 74. Rg7+ Kh8 75. Rf7 Rb6 76. Rxf5 Rxh6+ 77. Kg4
1/2-1/2

[Event "37 Open Donostia"]
[Site "?"]
[Date "2014.04.17"]
[Round "8.5"]
[White "Franco Alonso, Alejandro"]
[Black "Leroy, Didier"]
[Result "1/2-1/2"]
[WhiteElo "2508"]
[BlackElo "2307"]
[PlyCount "115"]
[EventDate "2014.??.??"]

1. d4 e6 2. c4 Bb4+ 3. Bd2 Qe7 4. Nc3 Nf6 5. g3 O-O 6. Bg2 Nc6 7. e3 d5 8. a3
Bxc3 9. Bxc3 Rd8 10. Nf3 dxc4 11. Qe2 e5 12. Nxe5 Nxe5 13. dxe5 Ng4 14. Rd1 Bf5
15. Bxb7 Nxe5 16. Bxa8 Nd3+ 17. Rxd3 cxd3 18. Qf3 d2+ 19. Bxd2 Qd7 20. Qd5 Qxd5
21. Bxd5 Rxd5 22. f3 Bc2 23. e4 Rd7 24. Ke2 Bd3+ 25. Ke3 Bb5 26. Bb4 f6 27. Rc1
Rd3+ 28. Kf2 c6 29. g4 a6 30. h4 Kf7 31. Bc3 Ba4 32. Rg1 Bd1 33. Rg3 h6 34. Bb4
Kg6 35. Bc3 Kf7 36. g5 fxg5 37. hxg5 hxg5 38. Rxg5 Rxf3+ 39. Kg2 Rd3 40. Rxg7+
Kf8 41. Ra7 Bf3+ 42. Kg3 Bxe4+ 43. Kf4 Bg2 44. Ke5 Rd5+ 45. Ke6 Bh3+ 46. Kf6
Rd6+ 47. Ke5 Rd5+ 48. Kf4 Ke8 49. Rxa6 Kd7 50. Ra7+ Kc8 51. Be5 Rd7 52. Ra4 Rd5
53. Rb4 Rb5 54. Rd4 Rxb2 55. Rd3 Rh2 56. Kg3 Rh1 57. Rc3 Bd7 58. Kf4 1/2-1/2

[Event "37 Open Donostia"]
[Site "?"]
[Date "2014.04.17"]
[Round "8.6"]
[White "Pap, Misa"]
[Black "Brito Garcia, Alfredo"]
[Result "1-0"]
[WhiteElo "2495"]
[BlackElo "2314"]
[PlyCount "99"]
[EventDate "2014.??.??"]

1. e4 e5 2. Nf3 Nc6 3. Bc4 Nf6 4. d4 exd4 5. e5 d5 6. Bb5 Ne4 7. Nxd4 Bc5 8.
Be3 Bxd4 9. Qxd4 O-O 10. Bxc6 bxc6 11. Nc3 Ng5 12. Bxg5 Qxg5 13. h4 Qg4 14.
Qxg4 Bxg4 15. f3 Bf5 16. O-O-O Rfe8 17. Rhe1 Rab8 18. a3 Re7 19. g4 Bd7 20. Na4
h5 21. g5 Rbe8 22. Nc5 Bf5 23. Rd4 Rxe5 24. Rxe5 Rxe5 25. Kd2 f6 26. gxf6 gxf6
27. c3 Bh3 28. Nd3 Re8 29. Nf4 Bf1 30. Nxh5 Re2+ 31. Kc1 Rf2 32. Nxf6+ Kg7 33.
Rf4 Bd3 34. Ng4 Rc2+ 35. Kd1 Rxb2 36. h5 Bc2+ 37. Kc1 Ra2 38. h6+ Kg6 39. Rf6+
Kg5 40. Rxc6 Bf5 41. Rxc7 Rxa3 42. Kb2 Ra6 43. h7 Rb6+ 44. Ka3 Bxh7 45. Rxh7 d4
46. c4 Kf4 47. Rf7+ Kg3 48. c5 Rb1 49. Ne5 Re1 50. f4 1-0

[Event "37 Open Donostia"]
[Site "?"]
[Date "2014.04.17"]
[Round "8.7"]
[White "Tratar, Marko"]
[Black "Diaz Herrero, Alvaro"]
[Result "1/2-1/2"]
[WhiteElo "2480"]
[BlackElo "2210"]
[PlyCount "196"]
[EventDate "2014.??.??"]

1. Nf3 Nf6 2. c4 g6 3. Nc3 d5 4. cxd5 Nxd5 5. Qb3 Nb6 6. d4 Be6 7. Qd1 Bg7 8.
e4 Bg4 9. Be3 O-O 10. Qd2 Nc6 11. d5 Bxf3 12. dxc6 Qxd2+ 13. Bxd2 Bxc3 14. gxf3
Bxd2+ 15. Kxd2 bxc6 16. Rc1 Rfd8+ 17. Ke3 Rd6 18. Be2 e5 19. Rhd1 Rad8 20. Rxd6
cxd6 21. Rxc6 d5 22. b3 Kf8 23. a4 Ke7 24. a5 d4+ 25. Kd3 Rc8 26. Rxc8 Nxc8 27.
f4 f6 28. fxe5 fxe5 29. f4 Kd6 30. b4 Ne7 31. fxe5+ Kxe5 32. b5 h5 33. Kc4 Kxe4
34. Bd3+ Ke3 35. a6 Nc8 36. Bxg6 h4 37. h3 Nb6+ 38. Kc5 d3 39. Kc6 d2 40. Bh5
Kd4 41. Kb7 Kc5 42. Kxa7 Kxb5 43. Kb7 Nc8 44. Be2+ Ka5 45. Kxc8 d1=Q 46. Bxd1
Kxa6 47. Kc7 Kb5 48. Kd6 Kb6 49. Bf3 Kb5 50. Kc7 Ka6 51. Bd5 Ka7 52. Kc6 Ka8
53. Be6 Kb8 54. Bf5 Ka7 55. Kc7 Ka8 56. Be4+ Ka7 57. Bd5 Ka6 58. Bc6 Ka7 59.
Bf3 Ka6 60. Kb8 Kb6 61. Bb7 Kc5 62. Kc7 Kb5 63. Bc8 Kc5 64. Bg4 Kb5 65. Be2+
Kc5 66. Bf1 Kd5 67. Kd7 Kc5 68. Bg2 Kb6 69. Bd5 Ka7 70. Kd6 Kb8 71. Kd7 Ka7 72.
Kc7 Ka6 73. Bc4+ Ka7 74. Bb3 Ka8 75. Bd5+ Ka7 76. Bc4 Ka8 77. Be2 Ka7 78. Bf3
Ka6 79. Kb8 Kb6 80. Bb7 Kc5 81. Kc8 Kb6 82. Kb8 Kc5 83. Kc7 Kb5 84. Bc8 Ka5 85.
Kc6 Kb4 86. Ba6 Ka5 87. Bb5 Kb4 88. Kb6 Ka3 89. Kc5 Kb3 90. Kd4 Kb4 91. Bc4 Ka5
92. Ke5 Kb4 93. Ba2 Kc5 94. Bd5 Kb5 95. Kf6 Kc5 96. Kg5 Kxd5 97. Kxh4 Ke6 98.
Kg5 Ke5 1/2-1/2

[Event "37 Open Donostia"]
[Site "?"]
[Date "2014.04.17"]
[Round "8.8"]
[White "Santos Latasa, Jaime"]
[Black "Calzetta Ruiz, Monica"]
[Result "1-0"]
[WhiteElo "2459"]
[BlackElo "2208"]
[PlyCount "91"]
[EventDate "2014.??.??"]

1. d4 Nf6 2. Nf3 c5 3. c3 b6 4. Bg5 e6 5. e4 h6 6. Bxf6 Qxf6 7. Nbd2 cxd4 8.
cxd4 Nc6 9. e5 Qd8 10. Bd3 Nb4 11. Be4 Ba6 12. Qb3 Rc8 13. a3 Nd5 14. Qa4 Nc7
15. Qb3 Be7 16. Bd3 Bxd3 17. Qxd3 O-O 18. O-O Nd5 19. Rfc1 Rc7 20. Qf1 Qb8 21.
Rxc7 Qxc7 22. Rc1 Qb7 23. Qc4 b5 24. Qd3 a6 25. Ne4 Rc8 26. Nc5 b4 27. a4 Bxc5
28. dxc5 b3 29. Rc4 a5 30. Qe4 Qa7 31. Qd4 Qa6 32. Nd2 Rb8 33. h3 Rb4 34. Kh2
Qc6 35. Rxb4 axb4 36. a5 Qa4 37. Nc4 Qa1 38. Nb6 Nc3 39. Qxd7 Qxb2 40. Qd8+ Kh7
41. Qd3+ g6 42. Qf3 Kg8 43. Nc4 Qa2 44. Nd6 Qxa5 45. Qxf7+ Kh8 46. Ne8 1-0

[Event "37 Open Donostia"]
[Site "?"]
[Date "2014.04.17"]
[Round "8.9"]
[White "Etchegaray, Patrice"]
[Black "Silva, Rodriguez Julio"]
[Result "1-0"]
[WhiteElo "2404"]
[BlackElo "2201"]
[PlyCount "83"]
[EventDate "2014.??.??"]

1. e4 e6 2. d4 d5 3. Nd2 Nf6 4. e5 Nfd7 5. c3 c5 6. Bd3 Nc6 7. Ngf3 h6 8. O-O
g5 9. g4 h5 10. h3 hxg4 11. hxg4 Qb6 12. Qa4 Be7 13. Re1 Nf8 14. Nf1 Bd7 15.
dxc5 Qc7 16. Qc2 Rh3 17. Ng3 O-O-O 18. b4 f6 19. exf6 Bxf6 20. Kg2 Rh8 21. Bxg5
Bxg5 22. Nxg5 e5 23. Bf5 e4 24. Rad1 Bxf5 25. gxf5 Qg7 26. N5xe4 dxe4 27. Rxd8+
Nxd8 28. Rxe4 Nd7 29. Qd2 Nf6 30. Re2 Nh5 31. Re4 Nf6 32. Re1 Qg4 33. Re7 Nc6
34. Re6 Nh5 35. Re4 Qg7 36. b5 Ne5 37. Rh4 Rd8 38. Rd4 Rg8 39. Qe3 Ng4 40. Qe6+
Kb8 41. Nxh5 Ne3+ 42. Kf3 1-0

[Event "37 Open Donostia"]
[Site "?"]
[Date "2014.04.17"]
[Round "8.10"]
[White "Guijarro Galan, Jose Luis"]
[Black "Suarez Garcia, Carlos"]
[Result "0-1"]
[WhiteElo "2174"]
[BlackElo "2376"]
[PlyCount "54"]
[EventDate "2014.??.??"]

1. e4 c5 2. Nf3 e6 3. c3 Qa5 4. Na3 Nc6 5. Nc4 Qc7 6. d4 cxd4 7. cxd4 d5 8.
exd5 exd5 9. Ne3 Nf6 10. Bd3 Bd6 11. O-O O-O 12. h3 Be6 13. Ng4 Nxg4 14. hxg4
g6 15. Ng5 Nxd4 16. Bxg6 hxg6 17. Qxd4 Bh2+ 18. Kh1 Be5 19. Qd1 Kg7 20. f4 Rh8+
21. Nh3 Qc4 22. Qe1 Bf6 23. f5 Qxg4 24. Rf4 Rxh3+ 25. gxh3 Qxh3+ 26. Kg1 Rh8
27. Kf2 Qh2+ 0-1

[Event "37 Open Donostia"]
[Site "?"]
[Date "2014.04.17"]
[Round "8.11"]
[White "Barrio Ugidos, Ibon"]
[Black "Bergez, Luc"]
[Result "0-1"]
[WhiteElo "1905"]
[BlackElo "2368"]
[PlyCount "137"]
[EventDate "2014.??.??"]

1. e4 d5 2. exd5 Nf6 3. d4 Nxd5 4. c4 Nb6 5. Nf3 Bf5 6. Nc3 e6 7. Bd3 Bxd3 8.
Qxd3 Be7 9. O-O O-O 10. Be3 c5 11. Rfd1 cxd4 12. Nxd4 Qc8 13. b3 Rd8 14. Qc2
N8d7 15. Rd2 a6 16. Rad1 Qc7 17. h3 Nf6 18. Ne4 Nbd7 19. Nxf6+ Nxf6 20. Nf3
Rxd2 21. Rxd2 Bb4 22. Rd3 e5 23. Rd1 h6 24. Qf5 e4 25. Ne5 Re8 26. Ng4 Nxg4 27.
Qxg4 Re6 28. Rd5 Bd6 29. Kf1 Kh7 30. Bd4 Bf8 31. h4 b5 32. c5 Kg8 33. h5 b4 34.
Qe2 Be7 35. Qg4 Bg5 36. Qf5 Qh2 37. g4 Qh1+ 38. Ke2 Qb1 39. Be3 Bf6 40. Rd2 Be7
41. g5 hxg5 42. Bxg5 Bxg5 43. Qxg5 e3 44. fxe3 Qe4 45. Qd8+ Re8 46. Qd4 Qh1 47.
Qd5 Qh2+ 48. Kd3 Qh3 49. Re2 Qh4 50. Kc2 Rd8 51. Qe5 Kf8 52. Rg2 f6 53. Qg3
Qxg3 54. Rxg3 Rc8 55. Rg4 Rxc5+ 56. Rc4 Rxh5 57. Rxb4 Rh2+ 58. Kb1 g5 59. a4 f5
60. Rb6 g4 61. Rxa6 g3 62. Rg6 g2 63. a5 Rh1+ 64. Kb2 g1=Q 65. Rxg1 Rxg1 66. b4
Ke7 67. Kc3 Kd6 68. Kc4 Rg8 69. Kd4 {Ke5+} 0-1

[Event "37 Open Donostia"]
[Site "?"]
[Date "2014.04.17"]
[Round "8.12"]
[White "Nava Pereda, Carlos"]
[Black "Etxagibel Larranaga, Asier"]
[Result "1-0"]
[WhiteElo "2285"]
[BlackElo "2167"]
[PlyCount "55"]
[EventDate "2014.??.??"]

1. g3 d5 2. Nf3 Nf6 3. c4 c6 4. Bg2 e6 5. O-O Be7 6. d4 O-O 7. Qc2 Ne4 8. b3 f5
9. Ba3 Bxa3 10. Nxa3 Qe7 11. Qb2 Nd7 12. Nc2 b6 13. Ne5 Bb7 14. cxd5 exd5 15.
Nxd7 Qxd7 16. Ne1 f4 17. Nd3 Rf6 18. f3 Nd6 19. Nxf4 Ba6 20. Rfe1 g5 21. Nh3
Rh6 22. Nxg5 Qe7 23. Qd2 Rh5 24. Nh3 Rf8 25. Nf4 Rhf5 26. e4 Rxf4 27. gxf4 Rf6
28. e5 1-0

[Event "37 Open Donostia"]
[Site "?"]
[Date "2014.04.17"]
[Round "8.13"]
[White "Thomassen, Joachim"]
[Black "Nohr, Finn"]
[Result "1/2-1/2"]
[WhiteElo "2371"]
[BlackElo "2093"]
[PlyCount "63"]
[EventDate "2014.??.??"]

1. d4 Nf6 2. Nf3 c5 3. e3 e6 4. c4 b6 5. Nc3 Bb7 6. d5 exd5 7. cxd5 d6 8. e4 a6
9. a4 g6 10. Bc4 Bg7 11. O-O O-O 12. Re1 Nbd7 13. Bf4 Ne8 14. Qd2 Ne5 15. Nxe5
dxe5 16. Be3 Nd6 17. Bf1 Qc7 18. f3 Bc8 19. Rec1 a5 20. Nb5 Nxb5 21. Bxb5 Qd6
22. Ra3 f5 23. Rb3 Bf6 24. Bc6 Rb8 25. Qd3 Bd8 26. Bb5 f4 27. Bf2 Rf7 28. Ba6
Bd7 29. Bb5 Bc8 30. Ba6 Bd7 31. Bb5 Bc8 32. Ba6 1/2-1/2

[Event "37 Open Donostia"]
[Site "?"]
[Date "2014.04.17"]
[Round "8.14"]
[White "Estremera Panos, Sergio"]
[Black "Pedrajas, Estepa Manuel"]
[Result "1-0"]
[WhiteElo "2353"]
[BlackElo "2055"]
[PlyCount "55"]
[EventDate "2014.??.??"]

1. d4 Nf6 2. c4 g6 3. Nc3 Bg7 4. e4 d6 5. f3 O-O 6. Nge2 e5 7. Bg5 h6 8. Be3
exd4 9. Nxd4 Nc6 10. Qd2 Kh7 11. Be2 Be6 12. O-O Qe7 13. Rae1 a6 14. f4 Nxd4
15. Bxd4 c5 16. Bf2 b5 17. cxb5 axb5 18. Bxb5 Ng4 19. Bg3 Bd4+ 20. Kh1 h5 21.
f5 Bxa2 22. h3 Ne5 23. f6 Qb7 24. Qg5 Rh8 25. Be2 Kg8 26. Nxa2 Rxa2 27. Bxe5
Bxe5 28. Bc4 1-0

[Event "37 Open Donostia"]
[Site "?"]
[Date "2014.04.17"]
[Round "8.15"]
[White "Cao Armillas, Jesus"]
[Black "Hernandez, Elvis"]
[Result "0-1"]
[WhiteElo "2151"]
[BlackElo "2324"]
[PlyCount "94"]
[EventDate "2014.??.??"]

1. d4 d5 2. c4 dxc4 3. Nf3 Nf6 4. e3 e6 5. Bxc4 a6 6. O-O c5 7. Qe2 b5 8. Bb3
Bb7 9. a4 Nbd7 10. Nbd2 Qb6 11. Rd1 Be7 12. axb5 axb5 13. Rxa8+ Bxa8 14. Bc2
cxd4 15. Nxd4 Qb7 16. f3 b4 17. N2b3 O-O 18. e4 Qb8 19. Qf2 Rc8 20. Bd3 Bd6 21.
Qh4 Ne5 22. Bf1 Ng6 23. Qh3 Qa7 24. Kh1 Qa2 25. Be2 Bb7 26. g3 Bf8 27. Nd2 e5
28. N4b3 Rc7 29. Qf1 Nd7 30. Bd3 Nb6 31. Bb1 Qa4 32. Bd3 Bc8 33. Bb5 Qa2 34.
Qd3 Be6 35. Qe3 Na4 36. Bxa4 Qxa4 37. Rf1 Rd7 38. f4 exf4 39. gxf4 f5 40. Nc5
Qa7 41. Ndb3 Re7 42. Nxe6 Qa6 43. Rd1 Rxe6 44. e5 Qc6+ 45. Kg1 Nh4 46. Qe2 Rg6+
47. Kf1 Qh1+ 0-1

[Event "37 Open Donostia"]
[Site "?"]
[Date "2014.04.17"]
[Round "8.16"]
[White "Prosviriakov, Vladimir"]
[Black "Gonzalez Pereira, Asier"]
[Result "0-1"]
[WhiteElo "2282"]
[BlackElo "2035"]
[PlyCount "57"]
[EventDate "2014.??.??"]

1. e4 c5 2. Nc3 g6 3. f4 Bg7 4. Nf3 Nc6 5. Bc4 e6 6. O-O Nge7 7. Qe1 Nb4 8. Bb3
c4 9. Ba4 a6 10. a3 Nbc6 11. Bxc6 bxc6 12. d3 cxd3 13. cxd3 O-O 14. Be3 Rb8 15.
Qf2 d6 16. d4 d5 17. e5 Nf5 18. b4 a5 19. Rfb1 axb4 20. axb4 Qe7 21. Ra4 Nxe3
22. Qxe3 Rb7 23. Ne1 Bd7 24. Nd3 c5 25. Nxc5 Bxa4 26. Nxb7 Bc2 27. Rb2 Qxb7 28.
Rxc2 Qxb4 29. Ne2 0-1

[Event "37 Open Donostia"]
[Site "?"]
[Date "2014.04.18"]
[Round "9.1"]
[White "Vazquez Igarza, Renier"]
[Black "Narciso Dublan, Marc"]
[Result "1/2-1/2"]
[WhiteElo "2591"]
[BlackElo "2527"]
[PlyCount "21"]
[EventDate "2014.??.??"]

1. Nf3 Nc6 2. d4 d5 3. c4 Bg4 4. Nc3 e6 5. cxd5 exd5 6. Bf4 Bxf3 7. gxf3 Bb4 8.
e3 Bxc3+ 9. bxc3 Nge7 10. Rb1 Na5 11. Bd3 1/2-1/2

[Event "37 Open Donostia"]
[Site "?"]
[Date "2014.04.18"]
[Round "9.2"]
[White "Alsina Leal, Daniel"]
[Black "Spraggett, Kevin"]
[Result "1/2-1/2"]
[WhiteElo "2546"]
[BlackElo "2561"]
[PlyCount "88"]
[EventDate "2014.??.??"]

1. e4 c5 2. Nf3 Nc6 3. Bb5 e6 4. O-O Nge7 5. d4 cxd4 6. Nxd4 Nxd4 7. Qxd4 a6 8.
Be2 Nc6 9. Qc3 Qc7 10. f4 b5 11. Be3 Bb7 12. a4 b4 13. Qd3 Be7 14. Nd2 Rd8 15.
Nb3 Na5 16. Bd4 O-O 17. Qe3 Nxb3 18. cxb3 Rc8 19. Rac1 Qb8 20. Bc4 Rfe8 21. Bd3
Rxc1 22. Rxc1 Rc8 23. h3 Rxc1+ 24. Qxc1 Qd6 25. Qe3 Qc6 26. Be2 f6 27. Bf3 Qc2
28. Kh2 Bc6 29. e5 f5 30. Bxc6 dxc6 31. Qf3 g6 32. Bg1 Kf7 33. Qf1 Qxb3 34.
Qxa6 Qxb2 35. Qxc6 b3 36. a5 Qc2 37. Qxc2 bxc2 38. Be3 Bc5 39. Bc1 Ke8 40. Kg3
Kd7 41. Kf3 Kc6 42. Ke2 Kb5 43. Kd3 Kxa5 44. Kxc2 Kb4 1/2-1/2

[Event "37 Open Donostia"]
[Site "?"]
[Date "2014.04.18"]
[Round "9.3"]
[White "Suarez Garcia, Carlos"]
[Black "Pap, Misa"]
[Result "0-1"]
[WhiteElo "2376"]
[BlackElo "2495"]
[PlyCount "156"]
[EventDate "2014.??.??"]

1. d4 f5 2. g3 Nf6 3. Bg2 g6 4. Nf3 Bg7 5. O-O O-O 6. Nc3 d6 7. Qd3 c6 8. e4
fxe4 9. Nxe4 Nxe4 10. Qxe4 Bf5 11. Qe2 Qd7 12. Re1 Na6 13. c3 Rae8 14. Qc4+ Kh8
15. Bf4 Nc7 16. Qb3 Nd5 17. Bd2 Bg4 18. Ng5 h6 19. Ne4 b5 20. a4 a6 21. axb5
axb5 22. Qc2 Qf5 23. Qd3 Qh5 24. Ra6 Rc8 25. Bc1 g5 26. Nd2 Qf7 27. Rf1 Qh5 28.
Re1 Qf7 29. Rf1 Bf5 30. Be4 Bh3 31. Bg2 Bxg2 32. Kxg2 Nf6 33. Qf3 g4 34. Qf5 e6
35. Qd3 Qb7 36. Ra1 c5+ 37. Kg1 c4 38. Qg6 Ra8 39. Rb1 Qd5 40. Re1 Qf5 41. Qxf5
exf5 42. b3 d5 43. bxc4 bxc4 44. Re7 Rfe8 45. Rxe8+ Rxe8 46. Kf1 Ra8 47. Ke2
Kh7 48. Rb6 Ra2 49. Rb2 Ra1 50. Rb1 Ra2 51. Rb2 Ra3 52. Rc2 Ra1 53. f4 Kg6 54.
Kd1 Bf8 55. Rb2 Ra6 56. Rb8 Bd6 57. Rb5 Kf7 58. Bb2 Ke6 59. Nf1 Ra7 60. Ne3 Ra6
61. Kc2 h5 62. Ng2 Be7 63. Rb7 Ne4 64. Ne3 h4 65. gxh4 Bxh4 66. Rh7 Bf2 67.
Rh6+ Nf6 68. Nd1 Bg1 69. h3 g3 70. Rg6 Bf2 71. Rg7 Ra8 72. Bc1 Rh8 73. Kd2 Rxh3
74. Ke2 Ne4 75. Be3 Rh1 76. Bxf2 gxf2 77. Nxf2 Rh2 78. Ke3 Nxf2 0-1

[Event "37 Open Donostia"]
[Site "?"]
[Date "2014.04.18"]
[Round "9.4"]
[White "Moreno Ruiz, Javier"]
[Black "Etchegaray, Patrice"]
[Result "1/2-1/2"]
[WhiteElo "2477"]
[BlackElo "2404"]
[PlyCount "126"]
[EventDate "2014.??.??"]

1. d4 Nf6 2. c4 g6 3. Nc3 Bg7 4. e4 d6 5. Be2 O-O 6. Nf3 e5 7. O-O exd4 8. Nxd4
Re8 9. f3 c6 10. Kh1 Na6 11. Bg5 h6 12. Bh4 Nc5 13. Qc2 Qb6 14. Bf2 Nfd7 15.
Rad1 a5 16. Nb3 Qc7 17. Bd4 Nxb3 18. Bxg7 Kxg7 19. Qxb3 Nc5 20. Qc2 Be6 21. Qd2
Rad8 22. Qd4+ f6 23. f4 Bf7 24. b3 Qe7 25. Bf3 g5 26. g3 Bg6 27. Rfe1 Kh7 28.
Qf2 Kg7 29. Qb2 Kh7 30. Re2 gxf4 31. gxf4 Qf7 32. Qd2 Bh5 33. Qe3 f5 34. Bxh5
Qxh5 35. e5 b6 36. Red2 Qg6 37. Qg3 Re6 38. Qxg6+ Kxg6 39. Kg2 Kf7 40. Rxd6
Rexd6 41. Rxd6 Rxd6 42. exd6 Ke6 43. Ne2 Nd3 44. Nd4+ Kxd6 45. Nxf5+ Ke6 46.
Nd4+ Kf6 47. Kf3 Nc1 48. Nxc6 Nxa2 49. Nd4 a4 50. bxa4 Nc3 51. a5 bxa5 52. c5
a4 53. c6 Ke7 54. f5 Kd6 55. f6 Nd5 56. Nb5+ Ke6 57. c7 Nb6 58. Ke4 Kxf6 59.
Kd4 Ke6 60. Kc5 Nc8 61. Kb4 Kd7 62. Kxa4 Nb6+ 63. Kb4 Nd5+ 1/2-1/2

[Event "37 Open Donostia"]
[Site "?"]
[Date "2014.04.18"]
[Round "9.5"]
[White "Bergez, Luc"]
[Black "Santos Latasa, Jaime"]
[Result "1-0"]
[WhiteElo "2368"]
[BlackElo "2459"]
[PlyCount "63"]
[EventDate "2014.??.??"]

1. e4 c5 2. Nf3 d6 3. Bb5+ Nd7 4. d4 cxd4 5. Qxd4 a6 6. Bxd7+ Bxd7 7. Nc3 Nf6
8. Bg5 Bc6 9. O-O-O h6 10. Bxf6 gxf6 11. Kb1 Rg8 12. g3 Qa5 13. Qe3 O-O-O 14.
Nd4 e6 15. Nxc6 bxc6 16. Rd4 Qb6 17. Rhd1 Kc7 18. Na4 Qb5 19. R4d3 Kd7 20. Qa7+
Ke8 21. Nc5 Qb8 22. Qxa6 Qa8 23. Qb6 d5 24. Nb7 Rd7 25. Na5 Rd6 26. Rb3 Qc8 27.
Rc3 Kd7 28. Nb7 Rg5 29. f4 Rh5 30. g4 Rxh2 31. e5 d4 32. Nxd6 1-0

[Event "37 Open Donostia"]
[Site "?"]
[Date "2014.04.18"]
[Round "9.6"]
[White "Cifuentes Parada, Roberto"]
[Black "Akesson, Ralf"]
[Result "1-0"]
[WhiteElo "2458"]
[BlackElo "2444"]
[PlyCount "117"]
[EventDate "2014.??.??"]

1. d4 Nf6 2. Nf3 e6 3. c4 b6 4. g3 Bb7 5. Bg2 Be7 6. Nc3 Ne4 7. Bd2 Bf6 8. O-O
O-O 9. Qc2 Nxd2 10. Qxd2 d6 11. e4 Nd7 12. Rad1 g6 13. h4 Bg7 14. Ng5 h6 15.
Nh3 c5 16. dxc5 Nxc5 17. b4 Nd7 18. Nb5 Ne5 19. Nxd6 Qc7 20. Qe2 Rad8 21. Nxb7
Qxb7 22. f4 Nc6 23. e5 Qc7 24. Bxc6 Qxc6 25. Nf2 Qa4 26. b5 a6 27. bxa6 Ra8 28.
Ne4 Rxa6 29. Rd2 Qc6 30. Rd6 Qa8 31. Rf2 Rc8 32. Kh2 Ra4 33. Rxb6 Rcxc4 34. Nd6
Rc1 35. Rg2 Rd4 36. Qb2 Rdd1 37. Rb8+ Bf8 38. Qxc1 Qxg2+ 39. Kxg2 Rxc1 40. a4
Ra1 41. Ra8 Kg7 42. Ne8+ Kg8 43. Nf6+ Kg7 44. g4 Ra2+ 45. Kf3 Ra3+ 46. Ke4 Rb3
47. h5 Rb4+ 48. Kf3 Rb3+ 49. Ke2 gxh5 50. Nxh5+ Kg8 51. Nf6+ Kg7 52. a5 Ra3 53.
a6 Ra4 54. Kd3 Ra5 55. Kc4 Rc5+ 56. Kb3 Ra5 57. a7 Ra1 58. Nd7 Be7 59. Re8 1-0

[Event "37 Open Donostia"]
[Site "?"]
[Date "2014.04.18"]
[Round "9.7"]
[White "Bernard, Jacques"]
[Black "Franco Alonso, Alejandro"]
[Result "0-1"]
[WhiteElo "2194"]
[BlackElo "2508"]
[PlyCount "66"]
[EventDate "2014.??.??"]

1. e4 c5 2. Nf3 e6 3. d4 cxd4 4. Nxd4 Nf6 5. Nc3 d6 6. Bg5 Be7 7. Qd3 a6 8. f4
b5 9. a3 Bb7 10. Be2 Nbd7 11. Bf3 Qb6 12. O-O-O O-O 13. Rhe1 Rfd8 14. e5 dxe5
15. fxe5 Nd5 16. Bxe7 Nxe7 17. Bxb7 Qxb7 18. Qg3 Qc7 19. h4 Rac8 20. h5 h6 21.
Re2 Nb6 22. Re4 Nc4 23. Rf1 Nd5 24. Nxd5 Rxd5 25. Rfe1 Nxa3 26. Qxa3 Rxd4 27.
c3 b4 28. Qxa6 Rxe4 29. Rxe4 bxc3 30. b4 c2 31. Qd3 Qe7 32. Qd2 Qa7 33. Qd4
Qa3+ {Qd3} 0-1